000 00319nam a2200157Ia 4500
100 _aNiku/Saeed B
250 _a2
942 _cBK
654 _arobotics
245 _aIntroduction to Robotics
260 _bPearson Education
_c2001
082 _a629.892
_bNIK
300 _a349
546 _aENGLISH
999 _c18802
_d18802